000 00332nam a2200121 a 4500
001 000008347
005 20200929161330.0
008 090916s1983 000 spa d
100 _aConcepción, J. Agustín
_922539
245 0 _aCulpa y disculpa del general Santiago de Óleo.
260 _aSanto Domingo,
_c1983.
999 _c8118
_d8118
040 _aDO-SdBNP